00409nam a2200133Ia 4500003000400000008004100004020002600045040000800071100003200079245011300111260002500224300001500249365001100264LDD181029s9999 xx 000 0 und d a9780195678475c695.00 cLDD aDharwadkar, Aparna Bhargave 0aTheatres of independancebdrama theory and urban performance in India since 1947cAparna Bhargave Dharwadkar aOxfordbOxfordc2006 axix, 478p. b695.00